000 00386nab a2200145Ia 4500
003 ES-SlBCS
005 20230329201517.0
008 140529s1996 xxu||||| |||| 00| 0 spa d
041 _aspa
100 1 _aLanne, Emmanuel
_92968
245 0 0 _aLas tres Romas
_c Emmanuel Lanne
650 4 _aIglesia Rusa
_9235390
773 0 _tConcilium
_gnº. 268, 1996, págs. 21-31
_wRev134
942 _cAR
999 _c632303
_d632303